| 000 | 01167nam a2200301 i 4500 | ||
|---|---|---|---|
| 001 | 12465 | ||
| 003 | ES-MaACL | ||
| 005 | 20250801063014.0 | ||
| 008 | 921016s1989 sp ||||0| spa d | ||
| 017 |
_aM 2824-1990 _bOficina Depósito Legal Madrid |
||
| 020 | _a84-7232-517-2 | ||
| 024 |
_a028-89-054-5 _2nipo |
||
| 080 | _a327(460:8=60) | ||
| 080 | _a327(8=60:460) | ||
| 100 | 1 |
_aEnrich Marcet, Silvia _eaut _947260 |
|
| 245 | 1 | 0 |
_aHistoria diplomática entre España e Iberoamérica en el contexto de las relaciones internacionales (1955-1985) / _cSilvia Enrich ; prólogo de Fernando Morán |
| 260 |
_aMadrid : _bCultura Hispánica, _c1989 |
||
| 300 |
_a348 páginas ; _c24 cm |
||
| 490 | 1 | _aBiblioteca diplomática española (Cultura Hispánica) | |
| 651 | 4 |
_aEspaña- _xRelaciones- _zAmérica Latina _98454 |
|
| 651 | 4 |
_aAmérica Latina- _xRelaciones- _zEspaña _97760 |
|
| 700 | 1 |
_aMorán, Fernando, _d1926-2020 _eaui _9240950 |
|
| 830 | 0 |
_aBiblioteca diplomática española (Cultura Hispánica) _9228301 |
|
| 852 |
_aES-MaACL _cDEPO2 _jL-19709 |
||
| 942 |
_2udc _cMONOGRAFIA _n0 |
||
| 999 |
_c12465 _d12465 |
||